• 首页
  • 本馆介绍
  • 公告通知
  • 最新文献
  • 馆藏检索
  • 电子资源
  • 读者导购
  • 参考咨询
  • 我的图书馆
  • 登录
  • 详细信息显示
  • 放入我的书架
  • 预约/预借图书
  • 作者相关作品
  • 分类相关作品
  • 丛书相关作品
  • 出版社相关作品

书目信息

  • 表格格式
  • 工作单格式
  • 卡片格式
题名:
教育思维与教师行为研究
    
 
作者: 王晓明 著
分册:  
出版信息: 长春   吉林出版集团股份有限公司  2022.06
页数: 98页
开本: 24cm
丛书名:
单 册:
中图分类: G40-05 , G451.6
科图分类:
主题词: 教育学--思维科学--研究 , 教师--行为科学--研究
电子资源:
ISBN: 978-7-5731-0958-3
000 00962nam0 2200253 450
001 012001002822
005 20140203095251.0
010    @a978-7-5731-0958-3@dCNY38.00
100    @a20220905d2022 em y0chiy0110 ea
101 0  @achi
102    @aCN@b220000
105    @ay z 000yy
106    @ar
200 1  @a教育思维与教师行为研究@Ajiao yu si wei yu jiao shi xing wei yan jiu@f王晓明著
210    @a长春@c吉林出版集团股份有限公司@d2022.06
215    @a98页@d24cm
330    @a本书分为十章,内容包括:思维创新与教育的发展、学校教育的发展方向、创新思维与教育的未来、爱岗敬业是教师理想实现的基础、教师要有颗平和的心、教师要活到老学到老、教师人际关系的重要性、教师职业生涯中的倦怠期、教师的职业道德、教师的继续教育与终身发展。
606 0  @a教育学@x思维科学@x研究
606 0  @a教师@x行为科学@x研究
690    @aG40-05@v5
690    @aG451.6@v5
701  0 @a王晓明@Awang xiao ming@4著
801  0 @aCN@bAHXH@c20221111
905    @b1375162-6@dG40-05@e1350@f5
    
    教育思维与教师行为研究/王晓明著.-长春:吉林出版集团股份有限公司,2022.06
    98页;24cm
    
    
    ISBN 978-7-5731-0958-3:CNY38.00
    本书分为十章,内容包括:思维创新与教育的发展、学校教育的发展方向、创新思维与教育的未来、爱岗敬业是教师理想实现的基础、教师要有颗平和的心、教师要活到老学到老、教师人际关系的重要性、教师职业生涯中的倦怠期、教师的职业道德、教师的继续教育与终身发展。
●
相关链接 在E读中查询图书 在五车中查询图书 在当当中查询图书 在豆瓣中查询图书


正题名:教育思维与教师行为研究     索取号:G40-05/1350         预约/预借

序号 登录号 条形码 馆藏地/架位号 状态 备注
1 1375162   213751625   第一样本阅览室/ [索取号:G40-05/1350] 在馆    
2 1375163   213751634   教育系资料室/ [索取号:G40-05/1350] 在馆    
3 1375164   213751643   教育系资料室/ [索取号:G40-05/1350] 在馆    
4 1375165   213751652   第四借阅区/ [索取号:G40-05/1350] 在馆    
5 1375166   213751661   第四借阅区/ [索取号:G40-05/1350] 在馆    
唐山师范学院图书馆 欢迎您!
大连网信软件有限公司© 版权所有